| 000 | 00575nam a2200205Ia 4500 | ||
|---|---|---|---|
| 003 | GCL | ||
| 008 | 140319s9999 xx 000 0 eng d | ||
| 040 |
_aGCL / _cGCL |
||
| 082 | 0 | 4 |
_a809 _bC H |
| 100 | 1 | _aCANAVAGGIO, JEAN | |
| 245 | 1 | 0 |
_aHISTOIRE DE LA LITTERATURE ESPAGNOLE: 4 VOLUMES / _cCANAVAGGIO, JEAN |
| 260 |
_a[S.N] : _bLIBRAIRIE ARTHEME FAYARD ، _c1993 |
||
| 300 | _a4 VOLUMES | ||
| 650 | 0 | 4 | _aLITERATURE |
| 650 | 0 | 4 | _aLITERATURE - HISTORY |
| 650 | 0 | 4 | _aRUSSIAN LITERATURE |
| 650 | 0 | 4 | _aSPANISH LITERATURE |
| 650 | 0 | 4 | _aJAPAN - LITERATURE |
| 942 |
_2ddc _cBK |
||
| 999 |
_c22364 _d22364 |
||